Elemente und Grundprinzipen des Wahlrechts: ein Beitrag zum chilenischen Wahlrecht
Gardado en:
| Autor Principal: | |
|---|---|
| Formato: | Libro |
| Idioma: | alemán |
| Publicado: |
Marburgo
Klages
2011
|
| Subjects: | |
| Tags: |
Engadir etiqueta
Sen Etiquetas, Sexa o primeiro en etiquetar este rexistro!
|
MARC
| LEADER | 00000cam a2200000 a 4500 | ||
|---|---|---|---|
| 001 | UCF4939 | ||
| 003 | CL-VaPUC | ||
| 008 | 130110e20110000GW |||||||||||||||||ger|d | ||
| 020 | |a 9783781390058 | ||
| 082 | 0 | 4 | |a 342.8307 |b GAR |2 21 |
| 100 | |a García Mechsner, Cristián |e author |9 580186 | ||
| 245 | 1 | 0 | |a Elemente und Grundprinzipen des Wahlrechts: ein Beitrag zum chilenischen Wahlrecht |
| 300 | |a 189 p | ||
| 942 | |c BK | ||
| 945 | |d 20130110 00:00:00 |a dcastane | ||
| 260 | |a Marburgo |b Klages |c 2011 | ||
| 650 | 0 | |a Derecho electoral |9 391229 | |
| 650 | 0 | |a Sistemas electorales |9 326307 | |
| 650 | 0 | |a Elecciones |9 254997 | |
| 650 | 0 | |a Jurisprudencia |9 255952 | |
| 583 | |a last modification |c 20130110 11:00:00 |k Rodrigo Vera | ||
| 999 | |c 350614 |d 350612 | ||
| 952 | |0 0 |1 0 |4 0 |6 342_830700000000000_GAR_2011 |7 0 |8 A |9 454148 |a BIBDER |b BIBDER |d 2019-11-22 |i 4941004 |o 342.8307 GAR 2011 |p 4941004 |r 2023-01-25 |w 2019-11-22 |y BK |k DER | ||